[Event "Alexandria op 18th"]
[Site "Alexandria"]
[Date "2012.08.29"]
[Round "3"]
[White "Ameir, Moheb"]
[Black "Ibrahim, Alaa"]
[Result "1-0"]
[WhiteElo "2261"]
[BlackElo "2122"]
[PlyCount "61"]
[EventDate "2012.08.27"]
[EventType "swiss"]
[EventRounds "9"]
[EventCountry "EGY"]
[SourceTitle "CBM 150 Extra"]
[Source "ChessBase"]
[SourceDate "2012.10.19"]
[SourceVersion "1"]
[SourceVersionDate "2012.10.19"]
[SourceQuality "1"]

1. e4 c5 2. c3 g6 3. d4 cxd4 4. cxd4 d5 5. exd5 Nf6 6. Qa4+ Bd7 7. Qb3 Qc7 8. Nc3 a6 9. Nf3 Bg7 10. g3 0-0 11. Bf4 Qc8 12. Bg2 Bh3 13. 0-0 Bxg2 14. Kxg2 Nbd7 15. Rfe1 Re8 16. Rac1 b6 17. Nb5 Qb7 18. Nc7 Nh5 19. Bg5 Nhf6 20. Nxa8 Qxa8 21. Bxf6 Nxf6 22. Qxb6 Nxd5 23. Qc6 Qxc6 24. Rxc6 Nb4 25. Rb6 a5 26. a3 Nc2 27. Rd1 Rd8 28. d5 e5 29. dxe6 Bd4 30. exf7+ Kxf7 31. Rc6 1-0